000 01128nab a2200253 i 4500
001 193686
003 ES-MaACL
005 20250810063057.0
007 t|
008 240206s1991 sp ||||1| spa d
040 _aES-MaACL
_bspa
100 1 _aFernández Tovar, Vladimiro
_eaut
_950119
245 1 0 _aBiblioteca del Ateneo de Madrid /
_cpor Vladimiro Fernández Tovar
260 _a[Madrid] :
_bEducación y Biblioteca,
_c[1991]
300 _a2 páginas :
_b3 ilustraciones ;
_c30 cm
500 _aFotocopia del artículo del bibliotecario y ateneísta Vladimiro Fernández Tovar sobre la Biblioteca del Ateneo de Madrid, publicado en "Educación y biblioteca", 1991, n. 14, p. 62-63
530 _aDisponible en formato digital
610 2 4 _aAteneo de Madrid.
_bBiblioteca
_91951
852 4 _aES-MaACL
_cDEPOF
_j2347-F-50
_zRevisado enlace: 7 de mayo de 2025
_9201211
856 4 _uhttp://hdl.handle.net/10366/113312
_yVersión en línea
_z(Gestión del Repositorio Documental de la Universidad de Salamanca. Gredos)
942 _2udc
_cANAB
_n0
999 _c193686
_d193686